000 00677cam a2200205 a 4500
001 000009667
005 20200929161649.0
008 880624s1988 cu f001 0 spa c
040 _aDO-SdBNP
_cCtY
_dDLC
082 _aCu862.44
_bB524r
100 1 _aBernaza, Luis Felipe,
_d1940-
_924557
245 1 3 _aLa ronda de los gorriones :
_bdrama testimonial en dos actos /
_cLuis Felipe Bernaza.
260 _aLa Habana :
_bUnión de Escritores y Artistas de Cuba,
_c1988.
300 _a94 p. ;
_c19 cm.
490 1 _aContemporáneos
650 4 _aTeatro cubano
_924517
650 4 _aLiteratura cubana
_91483
830 0 _aContemporáneos
_96941
910 _aCatalogación por copia / LC
999 _c9427
_d9427